000 00604nam a2200169Ia 4500
008 090201s9999 xx 000 0 und d
010 _aKPL-72717
040 _bमराठी
041 _aमराठी
082 _a52998
_b72717
100 _a ठाकूर दिलीप
245 _aएक्स्ट्रॉ तिकीट ( रामबाग )
_c ठाकूर दिलीप
260 _c2006
_bश्रीकल्प प्रकाशन
300 _a222
_bलहान
600 _aएक्स्ट्रॉ तिकीट ( रामबाग )
942 _cBOOK
999 _c249429
_d249429